000 00281nam a2200121Ia 4500
008 191201s2018 xx 000 0 und d
100 _aVANHORNE,James C
245 0 _aFinancial management and policy
260 _bPearson
_c2018
300 _a940
650 _aMBA
942 _2ddc
_cBK
999 _c7003
_d7003